| 000 | 00377nam a2200157Ia 4500 | ||
|---|---|---|---|
| 008 | 210210b1905 xxu||||| |||| 00| 0 eng d | ||
| 041 | _aeng | ||
| 082 | _a821/655 | ||
| 100 | _aTENNYSON (A) | ||
| 245 | _aMemoriam: Percival | ||
| 260 |
_aLondon _bMacmillan & Co. Ltd. _c1905 |
||
| 650 | _aPercival | ||
| 650 | _aMemoriam: | ||
| 690 | _aEnglish Literature | ||
| 906 | _a011823 | ||
| 999 |
_c130541 _d130541 |
||